Guess The KATSEYE Song With No Hints #1 - Statistics

General Stats
  • This quiz has been taken 557 times
  • The average score is 216 of 365
Answer Stats
Lyrics % Correct
a
84%
I
83%
to
82%
y
79%
Gabriela,
76%
Gabriela
76%
(Gabriela)
76%
(Gabriela,
76%
You
74%
you
74%
you)
74%
Hands
73%
hands
73%
(Hands
73%
of
72%
my
70%
off,
69%
off
69%
off),
69%
off)
69%
like
66%
Like,
66%
ooh
66%
the
66%
The
66%
I'm
65%
(I'm
65%
could
64%
la
63%
la,
63%
La
63%
(La
63%
la)
63%
62%
it
61%
Back
60%
(Back
60%
back
60%
bullet
60%
Él
59%
fella,
59%
se
59%
begging
58%
have
58%
Hot
57%
too
57%
in
56%
anyone
55%
Me
55%
me
55%
catch
54%
fast,
53%
wanted
53%
couldn't
52%
else
52%
Flying
50%
always
49%
casket
49%
attraction
48%
knew
48%
no
48%
No,
48%
no,
48%
va
48%
'Cause,
47%
'Cause
47%
main
47%
And
45%
flashing
45%
Got
45%
got
45%
cameras
44%
do?
44%
eyes
44%
see
44%
Heart
43%
lover
43%
undressing
43%
everybody's
41%
middle
41%
Under
41%
just
39%
make
39%
role,
39%
summer
39%
Yeah,
39%
Overprotective
38%
starring
38%
bet
37%
covers
37%
taste
37%
What
37%
come
36%
wonder
36%
If
35%
But
34%
Skin
34%
true
34%
would
34%
all
33%
cambiar
33%
conmigo
33%
made
31%
Sus
31%
fantasies
30%
ojos
30%
these
29%
amaretto
28%
mío',
28%
son
27%
llegó
25%
demás
22%
las
22%
eso
21%
importan
21%
quiere
19%
No matching quizzes found
Score Distribution
Percent of People with Each Score
Percentile by Number Answered
Your Score History
You have not taken this quiz